Kipr i krizis v jevrozone

Zadlženosť krajín eurozóny. Cyprus v Európskej únii. Hospodársky rozvoj Cypru. Príčiny finančných problémov na Cypre. Medzinárodná pomoc Cypru.

Gespeichert in:
Bibliographische Detailangaben
1. Verfasser: Lipková, Ľudmila
Format: Buchkapitel
Sprache:Russisch
Schlagworte:
Tags: Tag hinzufügen
Keine Tags, Fügen Sie das erste Tag hinzu!

MARC

LEADER 00000naa$a2200000$$$4500
001 0182922
005 20240502083429.9
041 0 |a rus 
044 |a RU 
245 1 0 |a Kipr i krizis v jevrozone  |c Ľudmila Lipková 
520 |a Zadlženosť krajín eurozóny. Cyprus v Európskej únii. Hospodársky rozvoj Cypru. Príčiny finančných problémov na Cypre. Medzinárodná pomoc Cypru. 
610 2 0 |a kríza finančná 
610 2 0 |a kríza hospodárska 
610 2 0 |a zadlženosť 
610 2 0 |a dlhy verejné 
610 2 0 |a Cyprus 
610 2 0 |a eurozóna 
610 2 0 |a Európska únia 
100 1 |a Lipková, Ľudmila